000 00276nam a22001217a 4500
082 _a001
_bCAS/B
100 _aCASLEY CHRISTINE
245 _aTHE BOOK OF WHERE
260 _aLONDON
_bHAMLYN PUBLISHING GROUP
300 _a177
650 _aGENERAL KNOWLEDGE
_zLONDON
942 _cBK
999 _c2676
_d2676